Adventures in Mexico and the Rocky Mountains (Record no. 5730)

MARC details
000 -CABECERA
campo de control de longitud fija 00709nam a2200241 a 4500
001 - NÚMERO DE CONTROL
campo de control BRCA_6042
005 - FECHA Y HORA DE LA ÚLTIMA TRANSACCIÓN
campo de control 20190320205317.0
008 - DATOS DE LONGITUD FIJA--INFORMACIÓN GENERAL
campo de control de longitud fija 150410s1861----enk#######---#000-0#eng-#
041 ## - CÓDIGO DE LENGUA
Código de lengua del texto/banda sonora o título independiente eng
044 ## - CÓDIGO DEL PAÍS DE LA ENTIDAD EDITORA/PRODUCTORA
Código MARC del país enk
050 #4 - SIGNATURA TOPOGRÁFICA DE LA BIBLIOTECA DEL CONGRESO
Número de clasificación F1213
Número de documento/Ítem .R89 2 1861
100 1# - ENTRADA PRINCIPAL--NOMBRE DE PERSONA
Nombre de persona Ruxton, George Frederick Augustus
Fechas asociadas al nombre 1820-1848
9 (RLIN) 10683
245 10 - MENCIÓN DE TÍTULO
Título Adventures in Mexico and the Rocky Mountains
Mención de responsabilidad, etc. George Frederick Augustus Ruxton.
260 ## - PUBLICACIÓN, DISTRIBUCIÓN, ETC.
Lugar de publicación, distribución, etc. Londres
Nombre del editor, distribuidor, etc. J. Murray
Fecha de publicación, distribución, etc. 1861
300 ## - DESCRIPCIÓN FÍSICA
Extensión vii, 332 p.
Dimensiones 18 cm.
500 ## - NOTA GENERAL
Nota general Ejemplar igual a C168
500 ## - NOTA GENERAL
Nota general CEF37
650 14 - PUNTO DE ACCESO ADICIONAL DE MATERIA--TÉRMINO DE MATERIA
Término de materia o nombre geográfico como elemento de entrada Viajeros ingleses
9 (RLIN) 7018
650 14 - PUNTO DE ACCESO ADICIONAL DE MATERIA--TÉRMINO DE MATERIA
Término de materia o nombre geográfico como elemento de entrada Montañas rocosas
9 (RLIN) 10684
651 #4 - PUNTO DE ACCESO ADICIONAL DE MATERIA--NOMBRE GEOGRÁFICO
Nombre geográfico México
Subdivisión general Descripción y viajes
9 (RLIN) 103
902 ## - CATALOGADOR
Iniciales GFM
942 ## - ELEMENTOS DE PUNTO DE ACCESO ADICIONAL (KOHA)
Fuente del sistema de clasificación o colocación Library of Congress Classification
Tipo de ítem Koha Libros
Holdings
Estado de retiro Estado de pérdida Estado dañado No para préstamo Localización permanente Ubicación/localización actual Fecha de adquisición Número de inventario Total de préstamos Signatura topográfica completa Código de barras Fecha visto por última vez Precio válido a partir de Tipo de ítem Koha
El ejemplar forma parte de la colección y puede ser consultado según las políticas vigentes.       Biblioteca del Museo Franz Mayer (Rogerio Casas-Alatriste) Biblioteca del Museo Franz Mayer (Rogerio Casas-Alatriste) 13/05/2011 CEF37   F1213 .R89 2 1861 (CEF37) 6481 22/03/2019 22/03/2019 Libros